1889 1473 1125 1273 1779 1846 1589 1309 1641 1312 1841 1336 1449 1706 1332 1518 1273 1320 1234 1794 1857 1038 1049 1302 1567 1630 1178 1297 1012 1760 1047 1565 1268 1718 1479 1516 1150 1780 1903 1890 1697 1878 1485 1503 1178 1842 1540 1546 1292 1311 1776 1105 1382 1126 1967 1755 1536 1539 1807 1519 1304 1211 1767 1652 1021 1830 1791 1725 1820 1458 1869 1451 1845 1426 1032 1637 1304 1180 1606 1130 1796 1426 1895 1760 1002 1502 1430 1275 1944 1926 1645 1313 1411 1020 1327 1646 1110 1710 1222 BCNSPRNW ULIB Ver.6.0+V

เปลี่ยนเป็นภาษาไทย

Change to English
 แสดงรายละเอียดบรรณานุกรม
  กลับหน้าหลัก

Brief Record : Get Marc (ISO 2709) : E-mail record : QR code < ปิดหน้าต่าง
LEADER : 00000nam 2200000uu 4500
001    13399111691
003     ULIB
008    110706s2553||||th 000 0 tha d
020    9786165001014
090    นว.^bณ410ส 2553
100 0  ณารา
245 00 เจ้านาง/^cณารา
260    กรุงเทพฯ :^bพิมพ์คำ,^c2553
300    340 หน้า
945    ^p230^l0^i18284
995     เกษร
999    ^aใช้งานได้ทุกระบบ
รายการนี้ยังไม่มีแท็ก
คุณยังไม่ได้ล็อกอิน คุณสามารถมีกิจกรรมร่วมกับเว็บไซต์ได้ แต่ต้องล็อกอินก่อน ::
  ล็อกอิน

รายการสื่อสารสนเทศ

ลำดับที่ ประเภท เลขเรียก/บาร์โค้ด สถานที่ สถานะ
1. นวนิยาย
นวนิยาย
นว. ณ410ส 2553  
  Barcode: 18284
ห้องสมุดวิทยาเขตสวรรค์ประชารักษ์
►นวนิยาย
บนชั้น
  ขอยืม

รายการใกล้เคียง
    ผู้แต่ง [ณารา]

BibComment


ยังไม่เคยถูกคอมเมนท์

คอมเมนท์ทรัพยากรรายการนี้
  คอมเมนท์: เจ้านาง ณารา


 Copyright 2026. Bcnsprnw @Library